Information Transmission Between Cryptocurrencies: Does Bitcoin Rule the Cryptocurrency World?
Gespeichert in:
| 1. Verfasser: | |
|---|---|
| Weitere Verfasser: | , , |
| Format: | Buchkapitel |
| Sprache: | Englisch |
| Tags: |
Keine Tags, Fügen Sie das erste Tag hinzu!
|
MARC
| LEADER | 00000naa a2200000 4500 | ||
|---|---|---|---|
| 001 | 0307105 | ||
| 005 | 20250220085041.4 | ||
| 041 | 0 | |a eng | |
| 044 | |a RO | ||
| 245 | 1 | 0 | |a Information Transmission Between Cryptocurrencies: Does Bitcoin Rule the Cryptocurrency World? |c Pedro Bacao, António Portugal Duarte, Helder Sebastiao, Srdjan Redzepagic |
| 100 | 1 | |a Bacao, Pedro | |
| 700 | 1 | |a Duarte, António Portugal | |
| 700 | 1 | |a Sebastiao, Helder | |
| 700 | 1 | |a Redzepagic, Srdjan | |